000 00547nam a2200181Ia 4500
003 GCL
008 140319s9999 xx 000 0 ara d
040 _aGCL /
_cGCL
082 0 4 _a277
_bوا
100 1 _aوليم هندركسى
245 1 0 _aاعظم من منتصرين: تفسير سفر الرؤيا /
_cوليم هندركسى
700 1 _aفايد فيصل (مترجم)
260 _a[S.N] :
_bدار الثقافة العربية ،
_c1987
300 _a240 ص
490 _a
650 0 4 _aالعهد الجديد
942 _2ddc
_cBK
999 _c54063
_d54063